Medición de movimiento fuerte en edificios altos de Costa Rica: Hotel Aurola, Banco Nacional de Costa Rica e Instituto Nacional de Seguros
Gespeichert in:
| 1. Verfasser: | |
|---|---|
| Weitere Verfasser: | |
| Format: | Buch |
| Sprache: | Spanish |
| Veröffentlicht: |
San José, C.R. : Universidad de Costa Rica, Instituto de Investigaciones en Ingeniería, Lab. de Ingeniería Sísmica
2001
|
| Schlagworte: | |
| Tags: |
Tag hinzufügen
Keine Tags, Fügen Sie den ersten Tag hinzu!
|
MARC
| LEADER | 00000nam a22000007a 4500 | ||
|---|---|---|---|
| 003 | PI0028 | ||
| 005 | 20231114101531.0 | ||
| 008 | 150814b2001 cr a|||| |||| 00| ||spa d | ||
| 040 | |c cru CEDI | ||
| 090 | |a PI 28 | ||
| 100 | |9 1009 |a Schmidt Díaz, Víctor | ||
| 245 | |a Medición de movimiento fuerte en edificios altos de Costa Rica: Hotel Aurola, Banco Nacional de Costa Rica e Instituto Nacional de Seguros | ||
| 260 | |a San José, C.R. : Universidad de Costa Rica, Instituto de Investigaciones en Ingeniería, Lab. de Ingeniería Sísmica |c 2001 | ||
| 650 | |x INGENIERÍA SÍSMICA |x COSTA RICA |x ANALISIS ESTRUCTURAL (INGENIERIA) |9 1021 | ||
| 700 | |9 1020 |a Cruz Azofeifa, Miguel Francisco | ||
| 942 | |c PI |h PI-28 |i PI0028 |6 PI_28_PI0028 | ||
| 999 | |c 13945 |d 13945 | ||
